00718nam a2200241 a 4500001001300000003000900013005001700022008004100039020002300080082001300103100002500116245005800141260003000199300000900229500003500238505001000273650002400283700002500307902000800332942000700340952011400347999001500461nice12345678IN_TiNIC20260116012834.0050524s1985 u sa grp 000 0 eng  a0896935 c10000a242bBLA aBlanchard, Charles A aGetting Things from Godb Meaning of Christian Prayer aU S AbVictor Booksc1985 a168p aincludes index and biblioraphy2 aIndex aPrayer-Christianity1 aBlanchard, Charles A bSRS cBK 001040708StackRoom-aHMIbHMId2007-06-29g100.00l0o242 BLAp013962r2007-06-29v100.00w2005-05-24yBK c8591d8591